Αστροφεγγιά : η ιστορία μιας εφηβείας
Αποθηκεύτηκε σε:
| Κύριος συγγραφέας: | |
|---|---|
| Μορφή: | Βιβλίο |
| Γλώσσα: | Greek |
| Δημοσίευση: |
Αθήνα :
[Εκδοτικός οίκος Αστήρ],
1990.
|
| Έκδοση: | 8η εκδ. |
| Θέματα: | |
| Ετικέτες: |
Προσθήκη ετικέτας
Δεν υπάρχουν, Καταχωρήστε ετικέτα πρώτοι!
|
MARC
| LEADER | 00000cam a2200000 a 4500 | ||
|---|---|---|---|
| 001 | 1/122075 | ||
| 008 | 200916t1990####gr | ||| |||| ||gre|| | ||
| 020 | |a 9602030771 | ||
| 040 | |a GR-MyUa |b gre |c GR-MyUa |e AACR2 | ||
| 041 | 0 | |a gre | |
| 082 | 7 | |a 889.3 |2 (23) | |
| 100 | 1 | |a Παναγιωτόπουλος, Ι. Μ., |d 1901-1982. | |
| 245 | 1 | 0 | |a Αστροφεγγιά : |b η ιστορία μιας εφηβείας / |c Ι.Μ. Παναγιωτόπουλου. |
| 250 | |a 8η εκδ. | ||
| 260 | |a Αθήνα : |b [Εκδοτικός οίκος Αστήρ], |c 1990. | ||
| 300 | |a 220, [4] σ. ; |c 22 εκ. | ||
| 650 | 0 | |a Greek fiction, Modern. | |
| 852 | |a INST |b SAMOS |e 20200916 |h 889.3 ΠΑΝ |p 005300046743 |q 005300046743 |t BK |y 0 | ||
| 920 | |a Μοσχογιάννη |b Κωνσταντίνα |y Σάμος |z 2020-02 | ||
| 970 | |a Φιλιππή |b Φάλη |z 16-09-2020 | ||